[Event "St Petersburg Spassky CC Rating"]
[Site "St Petersburg"]
[Date "2007.01.25"]
[Round "4"]
[White "Paikin, Andrey"]
[Black "Korchevsky, Mikhail"]
[Result "1-0"]
[WhiteElo "2002"]
[BlackElo "2030"]
[PlyCount "59"]
[EventDate "2007.01.13"]
[EventType "tourn"]
[EventRounds "9"]
[EventCountry "RUS"]
[SourceTitle "EXT 2019"]
[Source "ChessBase"]
[SourceDate "2018.10.10"]
[SourceVersion "1"]
[SourceVersionDate "2018.10.10"]
[SourceQuality "1"]

1. d4 e6 2. c4 Nf6 3. Nc3 b6 4. Nf3 Bb7 5. Bg5 Be7 6. g3 0-0 7. Bg2 Ne4 8. Bxe7 Qxe7 9. 0-0 Nxc3 10. bxc3 d6 11. Qc2 f5 12. Rae1 Nd7 13. Nd2 Bxg2 14. Kxg2 e5 15. e4 f4 16. Nf3 g5 17. h3 h5 18. h4 g4 19. Ng5 Rf6 20. Qd2 Raf8 21. Qd1 fxg3 22. fxg3 a5 23. Qd3 Kg7 24. Rf5 exd4 25. Qxd4 Ne5 26. Ref1 Kg6 27. Qd5 Qe8 28. Ne6 Rxf5 29. exf5+ Rxf5 30. Rxf5 1-0

[Event "St Petersburg Spassky CC Rating"]
[Site "St Petersburg"]
[Date "2007.01.18"]
[Round "2"]
[White "Kantsemal, Kirill"]
[Black "Paikin, Andrey"]
[Result "1/2-1/2"]
[WhiteElo "1969"]
[BlackElo "2002"]
[PlyCount "89"]
[EventDate "2007.01.13"]
[EventType "tourn"]
[EventRounds "9"]
[EventCountry "RUS"]
[SourceTitle "EXT 2019"]
[Source "ChessBase"]
[SourceDate "2018.10.10"]
[SourceVersion "1"]
[SourceVersionDate "2018.10.10"]
[SourceQuality "1"]

1. d4 d5 2. c4 e6 3. cxd5 exd5 4. Nc3 c6 5. Nf3 Bf5 6. Bf4 Bd6 7. Bxd6 Qxd6 8. e3 Nf6 9. Bd3 Bg6 10. Ne5 0-0 11. 0-0 a6 12. f4 Bxd3 13. Qxd3 c5 14. dxc5 Qxc5 15. Ne2 Nc6 16. Rac1 Qb6 17. Nxc6 bxc6 18. Qd4 Qb5 19. Ng3 Rfe8 20. Rc5 Qb6 21. Rfc1 Re6 22. f5 Rd6 23. Qc3 h6 24. h3 Rb8 25. b3 Rc8 26. Qa5 Qb7 27. Qc3 Qe7 28. Ra5 Ra8 29. Qd3 h5 30. Nf1 Qb7 31. Ra4 Qb6 32. Kh1 c5 33. Nd2 Re8 34. Rf4 Rd7 35. Re1 Rde7 36. Re2 Qb5 37. Qxb5 axb5 38. Nf1 d4 39. a4 bxa4 40. bxa4 Nd5 41. Rf3 Nc3 42. Rc2 dxe3 43. Nxe3 Rxe3 44. Rxc3 Rxf3 45. Rxf3 1/2-1/2